000 01131nam a2200301 a 4500
003 MX-MxUPN
005 20260429064154.0
007 cr |||aaaaaaa|
008 260416s2021 ck| ||||o ||| 000 0 spa d
020 _a9786287518131
040 _aMX-MxUPN
_bspa
_eaacr2
041 0 _aspa
050 1 4 _aHM881
100 1 _aAguilera Morales, Alcira
_958841
100 1 _aGonzález Terreros, María Isabel
_939653
100 1 _aTorres Carrillo, Alfonso
_957523
245 1 0 _aReinventando la comunidad y la política :
_bformación de subjetividades, sentidos de comunidad y alternativas políticas en procesos organizativos locales
_h[recurso electrónico en línea]
250 _aSegunda edición
260 _aBogotá :
_bUniversidad Pedagógica Nacional,
_c2021
300 _a1 recurso en línea (176 páginas) :
_bPDF
490 0 _aColección Rescates
506 0 _aAcceso abierto
650 4 _aMovimientos sociales
_xAspectos políticos
_zColombia
_959306
650 4 _aOrganización de la comunidad
_920989
856 4 0 _uhttp://hdl.handle.net/20.500.12209/17886
902 _aJohanaAllegre/160426
942 _2lcc
_cLIBRO-E
999 _c214973
_d214973